Philippi Cancellarii Parisiensis Summa de Bono.

Guardat en:
Dades bibliogràfiques
Autor principal: Cancellarius, Philippus (Autor)
Altres autors: Wicki, Nikolaus (ad fidem codicum primum edita studio et cura)
Format: Desconegut
Idioma:anglès
Publicat: Bernae, France: Editions Francke Bernae, 1985.
Col·lecció:Corpus philosophorum medii aevi. Opera philosophica mediae aetatis selecta,
Matèries:
Etiquetes: Afegir etiqueta
Sense etiquetes, Sigues el primer a etiquetar aquest registre!

MARC

LEADER 00000 a2200000 4500
003 CL-VaPUC
005 20231023102240.0
008 231012t1985 ||||| |||| 00| 0 eng d
999 |c 441851  |d 441849 
020 |a 3-7720-1523-9 
040 |c Pontificia Universidad Católica de Valparaíso 
082 |2 21  |a 230.01 CAN 1985 
100 |a Cancellarius, Philippus   |9 884749  |e author 
245 |a Philippi Cancellarii Parisiensis Summa de Bono.  
260 |a Bernae, France:   |b Editions Francke Bernae,   |c 1985. 
300 |a 2 Volúmenes. 
490 |a Corpus philosophorum medii aevi. Opera philosophica mediae aetatis selecta,  |n  v.II 
505 |a v.I: Pars prior. v.II: Pars posterior. 
583 |k GC  |c 20231012 
600 0 |9 885094  |a Felipe, el Canciller  |v Crítica e interpretación   |x Teólogo y poeta francés   |y Siglo 12 
650 0 |9 881485  |a Teología doctrinal  |x Iglesia Católica  |x Aspectos filosóficos   |y Siglo 12  |z Francia  
650 0 |9 311093  |a Bien y mal   |x Filosofía francesa   |y Siglo 12 
700 |9 885064  |a Wicki, Nikolaus   |e ad fidem codicum primum edita studio et cura 
942 |2 ddc  |c BK 
952 |0 0  |1 0  |2 ddc  |4 0  |6 230_010000000000000_CAN_1985  |7 0  |8 R  |9 591928  |a BIBEDU  |b BIBEDU  |c MCIRC  |d 2023-10-12  |e 59  |g 66948.50  |h v.II  |i 5659029  |o 230.01 CAN 1985  |p 5659029  |r 2023-10-12  |t 1  |v 66948.50  |w 2023-10-12  |y BK_R  |k FIL 
952 |0 0  |1 0  |2 ddc  |4 0  |6 230_010000000000000_CAN_1985  |7 0  |8 R  |9 591929  |a BIBEDU  |b BIBEDU  |c MCIRC  |d 2023-10-12  |e 59  |g 66948.50  |h v.I  |i 5659028  |o 230.01 CAN 1985  |p 5659028  |r 2023-10-12  |t 1  |v 66948.50  |w 2023-10-12  |y BK_R  |k FIL